000 00889nam a2200265 a 4500
003 BLK
005 20250724103026.0
007 ta
008 230712b bu |||||r|||| 00| | bu d
020 _a9786199212622
040 _aBLK
041 _aBUL
_cBUL
080 _9227592
_aБългарска литература
_b821.163.2
_x-31
_z821.163.2-31
084 _aЛ 85
100 _aЛуи
_qПавлов, Богдан Николаев
_d1977-
_9480562
245 _aАнгели в мрака
_cЛуи
260 _9453461
_aБургас
_bЛуи
_c2023
_fБургас : ЦДМ
300 _a239 с.
_c22 см
380 _aX
500 _aЛуи - псевд. на авт. Богдан Николаев Павлов
852 _aЦб 318779
_bЦб
856 _i0.00
_ldisable
942 _cKNG
_n0
_030
944 _cМоника Янева
_k30540
_lСевдалина Тодорова
999 _c492827
_d492827